000 00336 a2200169 4500
001 45028
020 _a8508094701
040 _cAnchieta - Aquarius
100 _aFurnari, Eva
240 1 0 _aAnjinho
_lpor
245 1 0 _aAnjinho
300 _a37
362 0 _a2004
440 1 _aÁtica
650 4 _aLiteratura infantil
942 _cBK
999 _c45028
_d45028